000
00410nam a2200145Ia 4500
008
100122s9999 xx 000 0 und d
082
_b
668
_a
823
100
_a
मित्र का र
245
_a
प्रीयवंदा
260
_b
प्रकाशक शोधणे
_c
1924
300
_a
55
630
_a
प्रीयवंदा
730
_a
प्रीयवंदा
942
_c
BOOK
999
_c
395841
_d
395838